WWII American Aircraft Nicknames - Statistics

General Stats
  • This quiz has been taken 77 times
    36 since last reset
  • The average score is 14 of 21
Answer Stats
Hint Answer % Correct
B-17 Flying Fortress
97%
P-51 Mustang
97%
F4U Corsair
83%
P-38 Lightning
83%
B-29 Superfortress
83%
P-47 Thunderbolt
80%
B-24 Liberator
77%
B-25 Mitchell
70%
F8F Bearcat
67%
F6F Hellcat
67%
P-40 Warhawk
67%
TBF Avenger
63%
PBY Catalina
63%
F4F Wildcat
63%
P-36 Hawk
57%
P-61 Black Widow
53%
TBD Devastator
50%
P-63 Kingcobra
50%
B-26 Marauder
50%
A-20 Havoc
40%
PBM Mariner
40%
No matching quizzes found
Score Distribution
Percent of People with Each Score
Percentile by Number Answered
Your Score History
You have not taken this quiz since the last reset